=LDR 00000nam 2200000 4500 =001 INLIS000000000032104 =005 20170614122447 =035 ##$$a 0010-061300000032104 =008 170614###########################0#ind## =041 ##$$a ind =082 ##$$a 410 =090 ##$$a 410, Pai, s =100 ##$$a Paino =245 1#$$a Sapintar Saya Pintar Bahasa Indonesia, Pengetahuan Sastra dan Tata Bahasa Indonesia Buku Rujukan Untuk Siswa Kls iv v vi Sekolah Dasar , Editor;Syaiful =260 ##$$a 2007 :$b Surabaya =300 ##$$a iv 305 hlm. , Illus , 24 cm =650 ##$$a Bahasa Indonesia =850 ##$$a NBPNMAT =710 ##$$a Syaiful =990 ##$$a 0001/BPAP-NTB/20142015 =990 ##$$a 87658765 =990 ##$$a 01201708765 =990 ##$$a 0001/BPAP-NTB/20142015